All Known Tyler, The Creator Features - Statistics

General Stats
  • This quiz has been taken 7 times
    6 since last reset
  • The average score is 7 of 16
Answer Stats
Hint Answer % Correct
Isolation After The Storm
100%
Let God Sort Em Out P.O.V.
100%
DONT BE DUMB FISH N STEAK
83%
Single (Frank Ocean + Jay-Z) Biking
67%
Single (Pharrell + 21 Savage) Cash In Cash Out
67%
Alfredo Something To Rap About
67%
Dawn FM Here We Go... Again
50%
Fear of God II: Let Us Pray Trouble On My Mind
50%
WASTELAND Gravity
33%
Who Cares? Open a Window
33%
Pray for Paris 327
17%
Doris Sasquatch
17%
Oxymoron The Purge
17%
Sleeping in Class DTA
0%
The R.E.D. Album Martians vs. Goblins
0%
Doris Woah
0%
No matching quizzes found
Score Distribution
Percent of People with Each Score
Percentile by Number Answered
Your Score History
You have not taken this quiz since the last reset